| 000 | 00462nam a2200205Ia 4500 | ||
|---|---|---|---|
| 005 | 20250425161827.0 | ||
| 008 | 250425s9999 xx 000 0 und d | ||
| 041 | _aspa | ||
| 082 | _a343.0878 | ||
| 245 | 0 | _aEXPORTACIONES:REQUISITOS PREVIOS | |
| 250 | _a1A ED. | ||
| 260 | _aS.L. | ||
| 260 |
_aSin Pais _bS.E. _c1996 |
||
| 300 | _a40 | ||
| 650 | _aCOMERCIO EXTERIOR | ||
| 650 | _aDERECHO | ||
| 650 | _aEXPORTACIONES | ||
| 942 | _c01 | ||
| 010 | _a31313 | ||
| 999 |
_c216902 _d216902 |
||